| 000 | 00753nam a22002057a 4500 | ||
|---|---|---|---|
| 005 | 20090131103356.0 | ||
| 008 | 090131t xxu||||| |||| 00| 0 eng d | ||
| 022 | _a0019-6169 | ||
| 040 | _adpl | ||
| 082 | _a610 | ||
| 245 |
_aThe Indian practitioner _ba monthly journal devoted to medicine, surgery and public health |
||
| 260 |
_aMumbai _bA Peters _c2008- |
||
| 300 |
_av. _c26 cm |
||
| 310 | _amonthly | ||
| 650 | _aMedicine | ||
| 650 | _aSurgery | ||
| 270 |
_a29/30, Aishwarya Towers, 159-B, Vidyanagari Marg, Kalina Santa Cruz _bMumbai _e400098 _k26650170, 26650329 _l26651747 _mgodinho@vsnl.com |
||
| 942 |
_2ddc _cSR _h610 _mIND _s1 |
||
| 999 |
_c22704 _d22704 |
||